Asian Leader to Country Picture Quiz - Statistics

General Stats
  • This quiz has been taken 19 times
  • The average score is 12 of 16
Answer Stats
Picture Answer % Correct
China
100%
North Vietnam
94%
Japan
88%
Syria
88%
Turkey
88%
Iraq
82%
India
76%
Indonesia
76%
Israel
76%
North Korea
76%
Palestine
71%
Brunei
65%
India
65%
Iran
65%
Kazakhstan
53%
Pakistan
47%
No matching quizzes found
Score Distribution
Percent of People with Each Score
Percentile by Number Answered
Your Score History
You have not taken this quiz